The g factor : the science of mental ability

Αποθηκεύτηκε σε:
Λεπτομέρειες βιβλιογραφικής εγγραφής
Κύριος συγγραφέας: Jensen, Arthur Robert
Μορφή: Βιβλίο
Γλώσσα:English
Δημοσίευση: Westport, Connecticut ; : London : Praeger, 1988
Σειρά:Human evolution, behavior, and intelligence,
Θέματα:
Ετικέτες: Προσθήκη ετικέτας
Δεν υπάρχουν, Καταχωρήστε ετικέτα πρώτοι!

MARC

LEADER 00000nam a2200000 i 4500
001 1/16851
008 010206s1998 eng d
020 |a 0-275-96103-6 
035 |l 10065925 
040 |a GR-MY-UA  |b gre  |e aacr 
041 0 |a eng 
082 0 |a 153.9 
100 1 |a Jensen, Arthur Robert. 
245 1 4 |a The g factor :  |b the science of mental ability /  |c Arthur R. Jensen 
260 |a Westport, Connecticut ; :   |a London :   |b Praeger,   |c 1988 
300 |a 648 p.;  |b fig.;  |c 24 cm 
490 1 |a Human evolution, behavior, and intelligence  |x 1063-2158 
504 |a Includes bibliographical references 
650 0 0 |a General factor (Psychology) 
650 0 0 |a Intellect. 
650 0 0 |a Nature and nurture. 
830 0 |a Human evolution, behavior, and intelligence,  |x 1063-2158 
852 |a INST  |b RHODES  |e 20010206  |h 153.9 JEN  |p 005400017354  |q 005400017354  |t BK  |y 0 
901 |a BIBL4-2001-1 
909 |a Ρ  |b 084322 
922 |a 4ΕΛΗ  |b 200012  |c ΚΠΣ/Ν 
950 |a 096-2000-09-18 
970 |a ΧΟΡΟΖΙΔΟΥ  |b ΤΖΕΝΗ  |z 2001/02/06